| 000 | 00963nac a22002291u 4500 | ||
|---|---|---|---|
| 008 | 110519t xxu||||| |||| 00| 0 eng d | ||
| 010 | _a 2007279784 | ||
| 020 | _a0123695317 (alk. paper) | ||
| 020 | _a9780123695314 (alk. paper) | ||
| 082 |
_a006.4 _bTHE |
||
| 100 |
_aTheodoridis, Sergios, _923999 |
||
| 245 | 1 | 0 |
_aPattern Recognition / _cSergios Theodoridis, Konstantinos Koutroumbas. |
| 250 | _a3rd ed. | ||
| 260 |
_aSan Diego, CA : _bAcademic Press,c2006. _cc2006. |
||
| 300 |
_axvi, 837 p. : _bill. ; _c24 cm. |
||
| 650 | 0 |
_aPattern recognition systems. _924000 |
|
| 653 | _bCS | ||
| 700 | 1 |
_aKoutroumbas, Konstantinos, _d1967- _924001 |
|
| 856 | 4 | 2 |
_3Publisher description _uhttp://www.loc.gov/catdir/enhancements/fy0742/2007279784-d.html |
| 942 |
_cBB _k006.4 THE _2ddc |
||
| 999 |
_c5203 _d5203 |
||